00393nam a2200145 a 4500008004100000020001800041050001900059100002200078245005400100260003600154300001600190350000900206490002000215650001200235130409s2012 ||||||||||||||||| || u a9781444159431 aHF 5438.25 Har aHarvey, Christine10aSuccessful selling in a weekcby Christine Harvey aLondon:bHodder Educationc2012 a121p.: ill. a8.99 aTeach yourself  0aSELLING